Detalles MARC
| 000 -Cabecera |
| Campo de control de longitud fija |
01613aam a2200541 4500 |
| 005 - Fecha y hora de la última transacción |
| Campo de control |
20250624151221.0 |
| 008 - Elementos de longitud fija--Información general |
| Campo de control de longitud fija |
150409b2012 xxu||||| |||| 00| 0 spa d |
| 020 ## - International Standard Book Number |
| Número Internacional Estándar del Libro (ISBN) |
9786074384178 |
| 041 ## - Idioma |
| Código de idioma |
Español |
| 082 ## - Clasificación Decimal Dewey |
| Número de clasificación |
658.404 T693a |
| 100 ## - Entrada principal--Autor personal |
| Nombre personal |
Torres Hernández, Zacarias |
| 9 (RLIN) |
6304 |
| 100 ## - Entrada principal--Autor personal |
| Nombre personal |
Torres Martínez Heli |
| 9 (RLIN) |
6305 |
| 245 ## - Título propiamente dicho |
| Título |
Administración de proyectos |
| 260 ## - Pie de imprenta |
| Lugar de publicación, distribución, etc. |
México |
| 260 ## - Pie de imprenta |
| Nombre del editor, distribuidor, etc. |
Patria |
| 260 ## - Pie de imprenta |
| Fecha de publicación, distribución, etc. |
2012 |
| 300 ## - Descripción física |
| Extensión |
629 páginas |
| 490 ## - Serie |
| Título de la Serie |
Dirección y Administración de Empresas |
| 505 ## - Nota de contenido |
| Nota de contenido |
Parte I. Fundamentos<br/>Parte II. Ciclo de vida<br/>Parte III. Administración<br/>Parte V. Herramientas para el líder de proyectos<br/>Parte VI. Temas selectos de proyectos |
| 650 ## - Materia general |
| Temática (materia general) |
GERENCIA DE PROYECTOS |
| 650 ## - Materia general |
| Temática (materia general) |
ADMINISTRACION DE PROYECTOS |
| 650 ## - Materia general |
| Temática (materia general) |
CICLO DE VIDA DEL PROYECTO |
| 650 ## - Materia general |
| Temática (materia general) |
INTEGRACIÓN DE PROYECTOS |
| 650 ## - Materia general |
| Temática (materia general) |
PRESUPUESTO |
| 650 ## - Materia general |
| Temática (materia general) |
PLANEACIÓN |
| 650 ## - Materia general |
| Temática (materia general) |
EJECUCIÓN DE LA ESTRATEGIA |
| 650 ## - Materia general |
| Temática (materia general) |
COSTOS |
| 650 ## - Materia general |
| Temática (materia general) |
TIEMPO |
| 650 ## - Materia general |
| Temática (materia general) |
PROCESOS |
| 650 ## - Materia general |
| Temática (materia general) |
CALIDAD |
| 650 ## - Materia general |
| Temática (materia general) |
RECURSOS HUMANOS |
| 650 ## - Materia general |
| Temática (materia general) |
PLANEACIÓN DE RECURSOS HUMANOS |
| 650 ## - Materia general |
| Temática (materia general) |
COMUNICACIÓN |
| 650 ## - Materia general |
| Temática (materia general) |
RIESGO |
| 650 ## - Materia general |
| Temática (materia general) |
ABASTECIMIENTO |
| 650 ## - Materia general |
| Temática (materia general) |
HERRAMIENTAS PARA EL LÍDER DE PROYECTOS |
| 650 ## - Materia general |
| Temática (materia general) |
CODIGO DE ÉTICA |
| 650 ## - Materia general |
| Temática (materia general) |
TRABAJO EN EQUIPO |
| 650 ## - Materia general |
| Temática (materia general) |
LIDERAZGO |
| 650 ## - Materia general |
| Temática (materia general) |
MOTIVACIÓN |
| 650 ## - Materia general |
| Temática (materia general) |
TOMA DE DECISIONES |
| 650 ## - Materia general |
| Temática (materia general) |
CULTURA Y POLÍTICA |
| 650 ## - Materia general |
| Temática (materia general) |
NEGOCIACIÓN |
| 650 ## - Materia general |
| Temática (materia general) |
LEGAL |
| 650 ## - Materia general |
| Temática (materia general) |
EVALUACIÓN DE TENDENCIAS |
| 650 ## - Materia general |
| Temática (materia general) |
CERTIFICACIÓN |
| 942 ## - Punto de acceso adicional KOHA |
| Tipo de ítem KOHA |
Libro |
| Fuente del sistema de clasificación o colocación |
Dewey Decimal Classification |